Регионална библиотека "Любен Каравелов" - Русе

Тайната история на Кейти Лавендър (Запис номер 348181)

MARC детайли
000 -Лидер
Контролно поле с фиксирана дължина 01123nam a2200289 a 4500
003 - Код на организацията, давaща контролен номер
Контролно поле BLK
005 - Дата и час на последна редакция
Контролно поле 20250623093132.0
008 - Елементи от данни с фиксирана дължина
fixed length control field 200123b bu |||||r|||| 00| 0 bu d
020 ## - Международен стандартен номер на книга ISBN
Международен стандартен номер на книга ISBN 9789543985883
040 ## - Източник на каталожния запис
Идентификатор на билиотеката - собственик на записа BLK
041 ## - Код за език
Код за езика на текст/звукозапис или на отделно заглавие Български
Код за езика КДБФ Български
080 ## - УДК
Текстов определител УДК Английска литература
УДК код - определител по УДК 821.111
УДК определител -31
УДК - код + определител 821.111-31
100 ## - Редна дума - Автор
R(LIN) 351086
Автор Джеймс, Ерика
Авторска отговорност първи автор
139 ## - Редно поле
Редна дума Джеймс, Ерика
Авторски знак Дже - Д 50
240 ## - Унифицирано заглавие
Унифицирано заглавие The real Katie Lavender
245 ## - Сведения за заглавието
Заглавие Тайната история на Кейти Лавендър
Редно поле (дума) Ерика Джеймс ; прев. от англ. Борис Дамянов
260 ## - Област на издателските данни
9 (RLIN) 209481
Място на издаване, разпространение и проч. София
Име на издателя, разпространителя и проч. Труд
Информация за издателството 2019
Печатница София : Алианс принт
Година на издаване 2019
Издателство - префикс ISBN 978-954-398- ; 978-954-528-
300 ## - Физическа характеристика
Страници 462 с.
Размери/Мащаб 21 см
380 ## - Жанр
Жанр Худож. лит.
500 ## - Общи забележки
Забележка Ориг. загл.: The real Katie Lavender / Erica James
700 ## - Други автори (авторска отговорност)
Лично име Дамянов, Борис Стефанов
9 (RLIN) 315591
852 ## - Местоположение
Фондова буква Хранилище
942 ## - АРТИКУЛИ
Вид на библиотечния материал Книги
Скрит в OPAC Не
Периодичен библиозапис Да
Koha issues (borrowed), all copies 29
944 ## - СЪЗДАВАНЕ И РЕДАКЦИЯ на ЗАПИСА
Създаване/Редакция Създаване
Дата на регистрацията/редакция 2020-01-23
Служител, извършил регистрацията/редакцията 30542
Статус, дата на статуса Русанова Ирена
999 ## - СИСТЕМНИ КОНТРОЛНИ НОМЕРА
Koha biblionumber 348181
Koha biblioitemnumber 348181
999 ## - СИСТЕМНИ КОНТРОЛНИ НОМЕРА
Koha biblioitemnumber 348181
999 ## - СИСТЕМНИ КОНТРОЛНИ НОМЕРА
Koha biblioitemnumber 348181
Наличности
Код за отписване Код за изгубен артикул Източник на класификационната схема Код за повреда Коз за рестрикции Код за отдаване Артикулен № Име на библиотеката - собственик Име на библиотеката, в която се намира в момента Статус (Текущо местоположение) Дата на вписване в системата Местоположение - отдел Цена в лева Систематично азбучна сигнатура Баркод Цена в евро Служебен тип на артикула Инвентарен номер
  Не е изгубен Universal Decimal Classification Не е повреден само за читалня ползва се в читалня 755170 Регионална библиотека "Любен Каравелов" Русе Регионална библиотека "Любен Каравелов" Русе Хранилище 2020-02-06 Хранилище 16.99 Цб 298054 120000842214 8.69 Книги  
  Не е изгубен Universal Decimal Classification Не е повреден   заемане за дома 939917 Регионална библиотека "Любен Каравелов" Русе Регионална библиотека "Любен Каравелов" Русе Заемна - подръчен фонд 2024-02-06 Заемна - подръчен фонд 12.74 821-31/Д 50 Е 120000898945 6.51 Книги 120000898945
  Не е изгубен Universal Decimal Classification Не е повреден   заемане за дома 939918 Регионална библиотека "Любен Каравелов" Русе Регионална библиотека "Любен Каравелов" Русе Заемна - подръчен фонд 2024-02-06 Заемна - подръчен фонд 12.74 821-31/Д 50 Е 120000898946 6.51 Книги 120000898946
Vip Innovations Ltd, Rousse, Bulgaria 2025